000 00695nam a2200277Ia 4500
008 180803s9999 xx 000 0 und d
020 _a0590469320
050 _bM382 1992
100 _aMartin, Rafe
245 4 _aThe rough-face girl /
245 0 _cby Rafe Martin ; illustrated by David Shannon.
260 _aBroadway, New York :
260 _bScholastic,
260 _c1992
300 _aunpaged :
300 _bcolored ;
300 _c28cm.
500 _a540
650 _aAlgonquian Indians --
650 _aCinderella (Tale).
650 _aIndians of North America --
650 _xLegends.
650 _xLegends.
700 _aShannon, David.
700 _aTitle.
999 _c358275
_d358275